Country Shapes in the Map of Europe #1 - 30 Seconds - Statistics

General Stats
  • This quiz has been taken 6,366 times
  • The average score is 9 of 10
Answers on the Map
Answers color-coded by a green-red scale on the quiz's map according to % correct below.
 
Answer Stats
Answer % Correct
United Kingdom
100%
Norway
99%
Poland
98%
Portugal
98%
Netherlands
97%
Greece
96%
Switzerland
94%
Moldova
90%
Serbia
90%
Slovenia
88%
No matching quizzes found
Score Distribution
Percent of People with Each Score
Percentile by Number Answered
Your Score History
You have not taken this quiz